NASCAR Cup Series Drivers With 10+ Wins in a Season - Statistics

General Stats
  • This quiz has been taken 60 times
  • The average score is 27 of 37
Answer Stats
Season Wins Answer % Correct
1967 27 Richard Petty
98%
1971 21 Richard Petty
98%
1970 18 Richard Petty
98%
1968 16 Richard Petty
98%
1963 14 Richard Petty
98%
1975 13 Richard Petty
98%
1974 10 Richard Petty
98%
1969 10 Richard Petty
98%
1959 11 Lee Petty
96%
2007 10 Jimmie Johnson
94%
1987 11 Dale Earnhardt
88%
2021 10 Kyle Larson
88%
1998 13 Jeff Gordon
86%
1997 10 Jeff Gordon
86%
1996 10 Jeff Gordon
86%
1965 13 Junior Johnson
86%
1978 10 Cale Yarborough
75%
1974 10 Cale Yarborough
75%
1982 12 Darrell Waltrip
75%
1981 12 Darrell Waltrip
75%
1971 11 Bobby Allison
73%
1972 10 Bobby Allison
73%
1985 11 Bill Elliott
65%
1968 16 David Pearson
63%
1966 15 David Pearson
63%
1969 11 David Pearson
63%
1976 10 David Pearson
63%
1993 10 Rusty Wallace
63%
1969 17 Bobby Isaac
47%
1970 11 Bobby Isaac
47%
1964 15 Ned Jarrett
45%
1965 13 Ned Jarrett
45%
1954 12 Herb Thomas
39%
1953 12 Herb Thomas
39%
1955 18 Tim Flock
39%
1956 14 Buck Baker
37%
1957 10 Buck Baker
37%
No matching quizzes found
Score Distribution
Percent of People with Each Score
Percentile by Number Answered
Your Score History
You have not taken this quiz